00661cam a22002297a 4500003000500000005001700005008004100022010001000063011001000073020001500083035001000098040000900108082001800117100002200135245009800157260004100255300000900296500005700305650002700362700002200389700002000411CHAP20220329142449.0010328d1997 mx r 00110 spa d a83841 a84813 a8429175563 a95339 cCHAP04a543bS4Y 199700aSkoog, Douglas A.10aFundamentos de química analíticac/por Douglas A. Skoog, Donald M. West y F. James Holler aMéxico, D. F. :bReverté,c1997. a2 v. aTrad. de : Fundamentals of analytical chemistry 6ed.14aQuímica analítica.0 aHoller, F. James.0 aWest, Donald M.